000 00510ntaaa2200193 4500
003 01
005 20251027202138.0
008 0714s1973 ag 01
040 _aAR-BaBN
_bspa
_cAR-BaBN
_eaacr
_dRIC
082 _a262.0900 B66i
100 _aBouyer, Louis
_914839
245 _aLa iglesia de Dios, cuerpo de Cristo y templo del Espíritu
250 _a1 ed.
260 _aMadrid :
_bStudium,
_cc1973
300 _a722 p
650 _aiglesia-historia
_9776
650 _aiglesia-teología
_96904
942 _cBK
999 _c16365
_d16365